000 00743nam a2200241Ia 4500
005 20260430150115.0
008 008 250103s9999 xx 000 0 eng d
037 _aTheses
040 _aCRL
040 _beng
040 _ceng
041 _2eng
041 _aeng
084 _qCRL
100 _aArora Bhavya Au.; Sharma R.K. Gu.
_91236479
245 0 _aDesign & Synthesis of Recycable Magnetic Hallosite Nanotubes and Ferrite Supported Catalysts: Applications in the Degradation of Emerging contaminatis and Organic Transformations
260 _c2022
300 _a294p.
650 _aChemistry
700 _aUniversity of Delhi. Faculty of Science. Deptt. of Chemistry
_91236464
942 _cTH
999 _c1848961
_d1848961